000 00575nmm a2200181Ia 4500
008 251105s9999||||xx |||||||||||||||||und||
041 _aspa
100 _aColl-Planas, Gerard
245 0 _aEl género desordenado :
_b Críticas en torno a la patologización de la transexualidad
264 _a[Madrid, España] :
_bEditorial Egales,
_c2018
300 _a286 páginas
490 _aEnsayo
650 _aSocial Sciences (General)
700 _aColl-Planas, Gerard
700 1 _a Missé, Miquel
856 _uhttps://public.digitaliapublishing.com/a/163269
942 _cCF
999 _c64101
_d64101